Producción y comercialización de miel de abejas cien por ciento natural, ubicado en la comarca San Esteban, municipio de Juigalpa, Chontales, período 2021-2025

El presente trabajo Producción y comercialización de miel de abejas cien por ciento natural, ubicado en la comarca San Esteban, municipio de Juigalpa, Chontales, periodo 2021-2025, se desarrollaron los estudios correspondientes a las fases del proyecto: el estudio de mercado y Técnico/administrat...

Full description

Bibliographic Details
Main Authors: Ramos Amador, Jorge Luis, Bello Solano, Neylin del Socorro, Hernández García, Néstor José
Other Authors: Tutor: Laguna Lumbi, Leonarda del Carmen
Format: Tesis Section = Libro
Language:Undetermined
Spanish
Published: Managua UNI/RUACS 2021
Subjects:
LEADER 01376nam a2200289Ia 4500
008 240830s9999 xx 000 0 und d
040 |a BIBLIOTECA-RUPAP Mon 658.835 R175 
041 |a spa 
082 |a Mon 658.835 R175 
100 1 |a Ramos Amador, Jorge Luis 
100 1 |b  Bello Solano, Neylin del Socorro 
100 1 |c  Hernández García, Néstor José 
245 1 0 |a Producción y comercialización de miel de abejas cien por ciento natural, ubicado en la comarca San Esteban, municipio de Juigalpa, Chontales, período 2021-2025 
260 |a Managua  |b UNI/RUACS  |c 2021 
300 |a 92 p. :il. 
500 |a Contiene: anexos y CD. 
502 |a Tesis (Ingeniero de Sistemas)- UNI, 2021. 
520 3 |a El presente trabajo Producción y comercialización de miel de abejas cien por ciento natural, ubicado en la comarca San Esteban, municipio de Juigalpa, Chontales, periodo 2021-2025, se desarrollaron los estudios correspondientes a las fases del proyecto: el estudio de mercado y Técnico/administrativo, análisis financiero y de impacto ambiental. 
650 7 |a ESTUDIO DE MERCADO 
650 7 |b ESTUDIOS DE FACTIBILIDAD 
650 7 |c MIEL DE ABEJAS-PRODUCCION 
650 7 |d MIEL DE ABEJAS-INDUSTRIA Y COMERCIO 
650 7 |e ESTUDIO FINANCIERO 
700 1 |a Tutor:  |b Laguna Lumbi, Leonarda del Carmen 
942 |c BK  |2 ddc 
991 |a TESIS 
999 |c 17690